000 00444nam a2200193Ia 4500
005 20240823053908.0
008 240823s9999||||xx |||||||||||||| ||und||
020 _a978-81-7824-392-4
041 _aENGLISH
082 _A821.91409954 Q4
100 _aArvind Krishna Mehrotra
245 0 _aPartial Recall
250 _a1st
260 _c2014
_bPermanent
500 _aYES
650 _aGeneral
_bGeneral
942 _cBK
999 _c225202
_d225202